| 000 | 00000nam 2200000za 4500 |
| 001 | 9.604446 |
| 003 | CaOODSP |
| 005 | 20250828125703 |
| 007 | cr ||||||||||| |
| 008 | 150406|1997||||xxc|||||o f|0| 0 fre d |
| 022 | |a1205-9161 |
| 040 | |aCaOODSP|bfre |
| 043 | |an-cn--- |
| 086 | 1 |aCS11-0019/102F-PDF |
| 100 | 1 |aBaldwin, John R. |q(John Russel) |
| 245 | 00|aDifférence dans les stratégies et le rendement de divers types d'innovateurs / |h[ressource électronique]|cpar John R. Baldwin et Joanne Johnson. |
| 260 | |aOttawa - Ontario : |bStatistique Canada |cDécembre 1997. |
| 300 | |a32p.|bgraphiques, références, tableaux |
| 490 | 1 |aDocuments de recherche - Direction des études analytiques|x1205-9161|vN° 102 |
| 500 | |aLe n° de catalogue (11F0019MPF), l'ISBN (0-660-95826-0) et l'ISSN (1200-5231) de l'édition imprimée ont été incorrectement copiés dans l'édition électronique. |
| 590 | |a12-34-Supp|b2012-07-31 |
| 710 | 2 |aStatistique Canada. |
| 775 | 08|tDifferences in strategies and performance of different types of innovators / |w(CaOODSP)9.574711 |
| 830 | #0|aDocuments de recherche (Statistique Canada. Direction des études analytiques)|x1205-9161|vN° 102|w(CaOODSP)9.500842 |
| 856 | 40|ahttp://publications.gc.ca|qPDF|s144 Ko|uhttps://publications.gc.ca/collections/Collection/CS11-0019-102F.pdf|yN° 102 |